Principios de Genética
Gespeichert in:
| 1. Verfasser: | |
|---|---|
| Weitere Verfasser: | , |
| Format: | Buch |
| Sprache: | Spanisch |
| Veröffentlicht: |
Barcelona, España
Omega
1961
|
| Schlagworte: | |
| Tags: |
Tag hinzufügen
Keine Tags, Fügen Sie den ersten Tag hinzu!
|
MARC
| LEADER | 00000nam a2200000 a 4500 | ||
|---|---|---|---|
| 001 | UCT1393 | ||
| 003 | CL-VaPUC | ||
| 005 | 20241023145543.0 | ||
| 008 | 960927e19610000SP |||||||||||||||||spa|d | ||
| 999 | |c 251925 |d 251923 | ||
| 040 | |c Pontificia Universidad Católica de Valparaíso | ||
| 082 | 0 | 4 | |a 575.1 SIN 1961 |2 21 |
| 100 | 0 | |a Sinnott, Edmund Ware |9 370236 | |
| 245 | 1 | 0 | |a Principios de Genética |
| 260 | 0 | 3 | |a Barcelona, España |b Omega |c 1961 |
| 300 | |a 581 páginas | ||
| 583 | |a last modification |c 19960927 00:00:00 |k Rodrigo Vera | ||
| 650 | 0 | |a Genética |9 259443 | |
| 650 | 0 | |a Genes |9 330314 | |
| 650 | 0 | |a Herencia |9 256325 | |
| 650 | 0 | |a Evolución |9 259442 | |
| 650 | 7 | |a GENETICA BIOQUIMICA |2 CL-VaPUC |9 361159 | |
| 650 | 0 | |a Bacteriología |9 259330 | |
| 650 | 0 | |a Ácido desoxirribonucleico (ADN) |9 361158 | |
| 650 | 0 | |a Ácidos nucleicos |9 348842 | |
| 650 | 0 | |a Ingeniería genética |9 263020 | |
| 700 | 0 | |a Dunn, L. C |9 370237 | |
| 700 | 0 | |a Dobzhansky, Theodosius Grigorievich |9 370238 | |
| 942 | |c BK |2 ddc | ||
| 945 | |d 19960927 00:00:00 |a cmena | ||
| 952 | |0 0 |1 0 |2 ddc |4 0 |6 575_100000000000000_SIN_1961 |7 0 |8 A |9 271442 |a BIBCUR |b BIBCUR |d 2019-11-19 |i 1751883 |o 575.1 SIN 1961 |p 1751883 |r 2025-04-22 |t 2 |w 2019-11-19 |y BK |k BCB | ||
| 952 | |0 0 |1 0 |2 ddc |4 0 |6 575_100000000000000_SIN_1961 |7 0 |8 A |9 271443 |a BIBCUR |b BIBCUR |d 2019-11-19 |i 1751891 |l 2 |o 575.1 SIN 1961 |p 1751891 |r 2025-04-22 |s 2022-06-13 |t 3 |w 2019-11-19 |y BK |k BIO | ||
| 952 | |0 0 |1 0 |2 ddc |4 0 |6 575_100000000000000_SIN_1961 |7 0 |8 A |9 271444 |a BIBCUR |b BIBCUR |d 2019-11-19 |i 179342K |l 1 |o 575.1 SIN 1961 |p 179342K |r 2025-04-22 |s 2024-09-10 |t 4 |w 2019-11-19 |y BK |k BCB | ||